|
|
|
|
| LEADER |
00952cam a2200265 7i4500 |
| 001 |
0000062747 |
| 005 |
20220623090000.0 |
| 008 |
211011 eng |
| 020 |
|
|
|a 0521824990
|
| 090 |
0 |
0 |
|a HB615
|b .S28 2003
|
| 100 |
1 |
|
|a Sathe,Vijay
|
| 245 |
1 |
0 |
|a Corporate entrepreneurship :
|b top managers and new business creation
|c Vijay Sathe ; foreword by Peter F. Drucker.
|
| 264 |
|
|
|a Cambridge:
|b Cambridge University Press,
|c 2003.
|
| 300 |
|
|
|a xvii, 387 pages:
|b illustrations;
|c 24 cm.
|
| 336 |
|
|
|a text
|2 rdacontent
|
| 337 |
|
|
|a unmediated
|2 rdamedia
|
| 338 |
|
|
|a volume
|2 rdacarrier
|
| 500 |
|
|
|a Gift: Dr. Habrizah Hussin
|
| 504 |
|
|
|a Includes bibliographical references and index
|
| 650 |
0 |
0 |
|a Creative ability in business
|
| 650 |
0 |
0 |
|a Executive ability
|
| 650 |
0 |
0 |
|a Entrepreneurship
|
| 700 |
1 |
|
|a Drucker, Peter F.
|
| 997 |
|
|
|a Business & Accountancy, Faculty
|
| 999 |
|
|
|a 0000069763
|b BOK
|c OPEN SHELF
|e 1st Floor, Shah Alam
|